01023cam a22003017i 450000100090000000300040000900500170001300800410003001000170007102000180008804000280010604200140013405000230014808200180017110000290018924500760021824600220029426400750031630000470039133600260043833700280046433800270049249000400051950000200055965000290057965000460060883000670065418976879OSt20240202155937.0160216s2016 flua 001 0 eng  a 2016933564 a9781609911652 aDLCbengerdacDLCdDLC alccopycat00aAG244b.T5318 201600a031.02bTIB/R1 aTibballs, Geoffeauthor.10aRipley's believe it or not!pUnlock the weird! /ctext, Geoff Tibballs.30aUnlock the weird! 1aOrlando, Florida :bRipley Publishing, a Jim Pattison Company,c[2016] a253 pages :bcolor illustrations ;c31 cm. atextbtxt2rdacontent aunmediatedbn2rdamedia avolumebnc2rdacarrier1 aRipley's-- believe it or not! ;v13 aIncludes index. 0aCuriosities and wonders. 0aCuriosities and wondersvPictorial works. 0aRipley's believe it or not! (Ripley Entertainment Inc.) ;v13.